000
00247nam a22001097a 4500
999
_c
12863
_d
12863
082
_a
297.61
100
_a
Maulana Shibli Nomani
245
_a
Khalifa Mamoon Ur Rasheed
260
_a
Pakistan
_b
Kitab Mela
_c
2018
300
_a
248 pages
942
_c
BK